[Event "Oberliga Ost-A 0203"]
[Site "Germany"]
[Date "2003.03.29"]
[Round "10.2"]
[White "Schirrmeister, Ralf"]
[Black "Neukirch, Detlef"]
[Result "1-0"]
[WhiteElo "2252"]
[BlackElo "2272"]
[PlyCount "91"]
[EventDate "2002.10.20"]
[EventType "team"]
[EventRounds "11"]
[EventCountry "GER"]
[SourceTitle "EXT 2004"]
[Source "ChessBase"]
[SourceDate "2003.11.25"]
[SourceVersion "1"]
[SourceVersionDate "2003.11.25"]
[SourceQuality "1"]
[WhiteTeam "Leipzig Lok II"]
[BlackTeam "Halle USV"]
[WhiteTeamCountry "GER"]
[BlackTeamCountry "GER"]

1. Nf3 Nf6 2. g3 d5 3. Bg2 c5 4. 0-0 Nc6 5. d3 e6 6. Nbd2 Be7 7. e4 b6 8. Re1 Bb7 9. e5 Nd7 10. Nf1 Qc7 11. Bf4 0-0-0 12. c3 h6 13. h4 Rdg8 14. d4 g5 15. hxg5 hxg5 16. Be3 Kb8 17. Rb1 Qd8 18. Qd2 g4 19. N3h2 Qf8 20. Qe2 Qg7 21. Red1 Ka8 22. b3 cxd4 23. cxd4 f6 24. exf6 Bxf6 25. Rbc1 Ndb8 26. Qd2 Rh5 27. b4 Rgh8 28. b5 Na5 29. Qe2 Qh7 30. Qxg4 Rxh2 31. Nxh2 Qxh2+ 32. Kf1 Re8 33. Rc7 Qh8 34. Qg6 Nc4 35. Rh7 Qg8 36. Qxg8 Rxg8 37. Rc1 Rc8 38. Ke2 Nxe3 39. Rxc8 Bxc8 40. Kxe3 a6 41. Rf7 Nd7 42. Bh3 Bxd4+ 43. Kxd4 Nc5 44. Bf1 axb5 45. Bxb5 Kb8 46. f3 1-0

[Event "Oberliga Ost-A 0203"]
[Site "Germany"]
[Date "2002.10.20"]
[Round "1.2"]
[White "Schirrmeister, Ralf"]
[Black "Karius, Thomas"]
[Result "1/2-1/2"]
[WhiteElo "2252"]
[BlackElo "2230"]
[PlyCount "38"]
[EventDate "2002.10.20"]
[EventType "team"]
[EventRounds "11"]
[EventCountry "GER"]
[SourceTitle "EXT 2004"]
[Source "ChessBase"]
[SourceDate "2003.11.25"]
[SourceVersion "1"]
[SourceVersionDate "2003.11.25"]
[SourceQuality "1"]
[WhiteTeam "Leipzig Lok II"]
[BlackTeam "Dresden SC II"]
[WhiteTeamCountry "GER"]
[BlackTeamCountry "GER"]

1. Nf3 Nf6 2. b3 c5 3. Bb2 e6 4. e3 Be7 5. Be2 0-0 6. 0-0 Nc6 7. c4 d5 8. d3 Re8 9. a3 Bf8 10. cxd5 Nxd5 11. d4 cxd4 12. Nxd4 Nxd4 13. Bxd4 Nc7 14. Bb2 Bd7 15. Nc3 Bc6 16. Bf3 Qxd1 17. Rfxd1 Bxf3 18. gxf3 Red8 19. h3 Be7 1/2-1/2

[Event "Oberliga Ost-A 0102"]
[Site "Germany"]
[Date "2002.04.13"]
[Round "10.3"]
[White "Schirrmeister, Ralf"]
[Black "Wichmann, Cliff"]
[Result "1/2-1/2"]
[WhiteElo "2210"]
[BlackElo "2284"]
[PlyCount "22"]
[EventDate "2001.10.07"]
[EventType "team"]
[EventRounds "11"]
[EventCountry "GER"]
[SourceTitle "EXT 2003"]
[Source "ChessBase"]
[SourceDate "2002.11.25"]
[SourceVersion "1"]
[SourceVersionDate "2002.11.25"]
[SourceQuality "1"]
[WhiteTeam "Leipzig Lok Mitte II"]
[BlackTeam "Dresden SC II"]
[WhiteTeamCountry "GER"]
[BlackTeamCountry "GER"]

1. d4 d5 2. c4 dxc4 3. Nf3 Nf6 4. e3 c5 5. Bxc4 e6 6. 0-0 a6 7. dxc5 Bxc5 8. Qxd8+ Kxd8 9. Nbd2 b5 10. Be2 Bb7 11. a4 bxa4 1/2-1/2

[Event "BL2-Ost 0102"]
[Site "Germany"]
[Date "2002.02.24"]
[Round "6.8"]
[White "Poppe, Heiko"]
[Black "Schirrmeister, Ralf"]
[Result "1/2-1/2"]
[WhiteElo "2238"]
[BlackElo "2210"]
[PlyCount "35"]
[EventDate "2001.10.07"]
[EventType "team-tourn"]
[EventRounds "9"]
[EventCountry "GER"]
[SourceTitle "CBM 088 Extra"]
[Source "ChessBase"]
[SourceDate "2002.07.01"]
[SourceVersion "2"]
[SourceVersionDate "2002.07.01"]
[SourceQuality "1"]
[WhiteTeam "Wuerzburg"]
[BlackTeam "Leipzig Mitte"]
[WhiteTeamCountry "GER"]
[BlackTeamCountry "GER"]

1. e4 d5 2. exd5 Qxd5 3. Nc3 Qa5 4. d4 Nf6 5. Bc4 c6 6. Nf3 Bf5 7. Bd2 Qc7 8. a4 e6 9. 0-0 Bd6 10. h3 0-0 11. Nh4 Bg6 12. Nxg6 hxg6 13. Bg5 Nbd7 14. Qf3 Qa5 15. Bxf6 Nxf6 16. Ne4 Nxe4 17. Qxe4 Qf5 18. Rfe1 1/2-1/2

[Event "Oberliga Ost-A 0102"]
[Site "Germany"]
[Date "2001.11.25"]
[Round "4.3"]
[White "Paehtz, Thomas Jr"]
[Black "Schirrmeister, Ralf"]
[Result "1/2-1/2"]
[WhiteElo "2204"]
[BlackElo "2210"]
[PlyCount "57"]
[EventDate "2001.10.07"]
[EventType "team"]
[EventRounds "11"]
[EventCountry "GER"]
[SourceTitle "EXT 2003"]
[Source "ChessBase"]
[SourceDate "2002.11.25"]
[SourceVersion "1"]
[SourceVersionDate "2002.11.25"]
[SourceQuality "1"]
[WhiteTeam "Erfurt Empor"]
[BlackTeam "Leipzig Lok Mitte II"]
[WhiteTeamCountry "GER"]
[BlackTeamCountry "GER"]

1. e4 d6 2. d4 Nf6 3. Nc3 e5 4. Nf3 Nbd7 5. Bc4 Be7 6. 0-0 0-0 7. Qe2 Nb6 8. Bb3 Bg4 9. dxe5 dxe5 10. h3 Bxf3 11. Qxf3 c6 12. Qg3 Qc7 13. Bh6 Ne8 14. Be3 Nd7 15. f4 Bd6 16. fxe5 Nxe5 17. Rad1 Ng6 18. Qg5 b6 19. Bd4 Be7 20. Qf5 Bf6 21. e5 Bxe5 22. Bxe5 Qxe5 23. Bxf7+ Kh8 24. Qd3 Qc5+ 25. Qd4 Qxd4+ 26. Rxd4 Ne5 27. Bxe8 Rxf1+ 28. Kxf1 Rxe8 29. Re4 1/2-1/2